<?xml version="1.0" encoding="UTF-8"?><?xml-stylesheet type="text/xsl" href="static/style.xsl"?><OAI-PMH xmlns="http://www.openarchives.org/OAI/2.0/" xmlns:xsi="http://www.w3.org/2001/XMLSchema-instance" xsi:schemaLocation="http://www.openarchives.org/OAI/2.0/ http://www.openarchives.org/OAI/2.0/OAI-PMH.xsd"><responseDate>2026-04-17T05:25:08Z</responseDate><request verb="GetRecord" identifier="oai:www.recercat.cat:2117/439426" metadataPrefix="marc">https://recercat.cat/oai/request</request><GetRecord><record><header><identifier>oai:recercat.cat:2117/439426</identifier><datestamp>2025-07-27T11:38:58Z</datestamp><setSpec>com_2072_1033</setSpec><setSpec>col_2072_452951</setSpec></header><metadata><record xmlns="http://www.loc.gov/MARC21/slim" xmlns:dcterms="http://purl.org/dc/terms/" xmlns:xsi="http://www.w3.org/2001/XMLSchema-instance" xmlns:doc="http://www.lyncode.com/xoai" xsi:schemaLocation="http://www.loc.gov/MARC21/slim http://www.loc.gov/standards/marcxml/schema/MARC21slim.xsd">
   <leader>00925njm 22002777a 4500</leader>
   <datafield ind2=" " ind1=" " tag="042">
      <subfield code="a">dc</subfield>
   </datafield>
   <datafield ind2=" " ind1=" " tag="720">
      <subfield code="a">Castelló Murphy, Gabriel Joan</subfield>
      <subfield code="e">author</subfield>
   </datafield>
   <datafield ind2=" " ind1=" " tag="260">
      <subfield code="c">2025-06</subfield>
   </datafield>
   <datafield ind2=" " ind1=" " tag="520">
      <subfield code="a">The project is located in Rabós d'Empordà, right next to the Albera mountains. A semi-abandoned plot is being rehabilitated at the entrance of the village, which belongs to the Celler Castelló Murphy family. A multifunctional space is being designed to house a space for events and tastings of the winery, a car park and a garden for a future home. All of this is surrounded by drought-adapted shrub plantations, high, low and flowering spontaneous meadows and new trees that complement the pre-existing ones. The focus was to integrate plants providing ecosystem functions that are adapted to the specific context of the Albera. Simplicity is sought in the design to enhance the organic forms, in addition to using pavements such as self binding gravel to give the project a natural feel. The wine tourism experience which lies at the centre of the project, attracts visitors to the rural world and educates them about regenerative agriculture and the native plants of the territory.</subfield>
   </datafield>
   <datafield ind2=" " ind1=" " tag="520">
      <subfield code="a">El projecte es situa a Rabós d'Empordà, just a tocar de les muntanyes de l'Albera. S'arranja una parcel·la semiabandonada a l'entrada del poble, que pertany a la família del Celler Castelló Murphy. S'hi dissenya un espai multifuncional que aculli un espai per a esdeveniments i tastos del celler, un aparcament de vehicles i un jardí per a un futur habitatge. Tot això s'envolta de parterres de plantacions d'arbustives adaptades a la sequera, de prats espontanis alts, baixos i florits i d'arbrat nou que complementi al preexistent. S'ha prioritzat dotar al lloc de plantes amb funcions ecosistèmiques adaptades al context específic de l'Albera. Es busca la senzillesa en el disseny per potenciar les fomes orgàniques, a més d'utilitzar paviments com el sauló sòlid per dotar al projecte de naturalitat. L'experiència enoturística que es desenvoluparà en el projecte és una part fonamental, ja que atrau visitants al món rural i els educa sobre l'agricultura regenerativa i les plantes autòctones del territori.</subfield>
   </datafield>
   <datafield ind2=" " ind1=" " tag="520">
      <subfield code="a">El proyecto se sitúa en Rabós d'Empordà, justo al lado de las montañas de la Albera. Se arregla una parcela semiabandonada en la entrada del pueblo, propiedad de la familia del Celler Castelló Murphy. Se diseña un espacio multifuncional que acoja un espacio para eventos y catas de la bodega, un aparcamiento de vehículos y un jardín para una futura vivienda. Todo esto se rodea de parterres de plantaciones de arbustivas adaptadas a la sequía, de prados espontáneos altos, bajos y floridos y de arbolado nuevo que complemente al preexistente. Se ha priorizado dotar al lugar de plantas con funciones ecosistémicas adaptadas al contexto específico de la Albera. Se busca la sencillez en el diseño para potenciar las formas orgánicas, además de utilizar pavimentos como el sablón sólido para dotar al proyecto de naturalidad. La experiencia enoturística que se desarrollará en el proyecto es una parte fundamental, ya que atrae a visitantes al mundo rural y los educa sobre la agricultura regenerativa y las plantas autóctonas del territorio.</subfield>
   </datafield>
   <datafield ind2=" " ind1=" " tag="520">
      <subfield code="a">Objectius de Desenvolupament Sostenible::11 - Ciutats i Comunitats Sostenibles</subfield>
   </datafield>
   <datafield ind2=" " ind1=" " tag="520">
      <subfield code="a">Objectius de Desenvolupament Sostenible::13 - Acció per al Clima</subfield>
   </datafield>
   <datafield ind1="8" ind2=" " tag="024">
      <subfield code="a">http://hdl.handle.net/2117/439426</subfield>
   </datafield>
   <datafield tag="653" ind2=" " ind1=" ">
      <subfield code="a">Àrees temàtiques de la UPC::Enginyeria agroalimentària::Agricultura::Viticultura</subfield>
   </datafield>
   <datafield tag="653" ind2=" " ind1=" ">
      <subfield code="a">Landscape gardening</subfield>
   </datafield>
   <datafield tag="653" ind2=" " ind1=" ">
      <subfield code="a">Wine cellars</subfield>
   </datafield>
   <datafield tag="653" ind2=" " ind1=" ">
      <subfield code="a">Albera</subfield>
   </datafield>
   <datafield tag="653" ind2=" " ind1=" ">
      <subfield code="a">Enoturisme</subfield>
   </datafield>
   <datafield tag="653" ind2=" " ind1=" ">
      <subfield code="a">Adaptació sequera</subfield>
   </datafield>
   <datafield tag="653" ind2=" " ind1=" ">
      <subfield code="a">Plantes mediterrànies</subfield>
   </datafield>
   <datafield tag="653" ind2=" " ind1=" ">
      <subfield code="a">Sauló sòlid</subfield>
   </datafield>
   <datafield tag="653" ind2=" " ind1=" ">
      <subfield code="a">Gestió de l'aigua</subfield>
   </datafield>
   <datafield tag="653" ind2=" " ind1=" ">
      <subfield code="a">Landscaping</subfield>
   </datafield>
   <datafield tag="653" ind2=" " ind1=" ">
      <subfield code="a">Biodiversity</subfield>
   </datafield>
   <datafield tag="653" ind2=" " ind1=" ">
      <subfield code="a">Jardineria paisatgística</subfield>
   </datafield>
   <datafield tag="653" ind2=" " ind1=" ">
      <subfield code="a">Cellers</subfield>
   </datafield>
   <datafield ind2="0" ind1="0" tag="245">
      <subfield code="a">Projecte d'arranjament de l'era de Castelló Murphy a Rabós d'Empordà</subfield>
   </datafield>
</record></metadata></record></GetRecord></OAI-PMH>